| 000 | 00426nam a2200157Ia 4500 | ||
|---|---|---|---|
| 008 | 130318s9999 xx 000 0 und d | ||
| 020 | _a158512506 | ||
| 082 | _a658.4012 KAP/S | ||
| 100 | _aKaplan, Robert S | ||
| 245 | _aStrategy focused organization | ||
| 260 |
_bHarvard Business School Press _aBoston _c2001 |
||
| 300 | _a400 | ||
| 650 | _aEXECUTIVE MANAGEMENT | ||
| 650 | _aSTRATEGIC MANAGEMENT | ||
| 700 | _aNorton, David P | ||
| 999 |
_c363 _d363 |
||